Being Human (Record no. 9870)

MARC details
000 -LEADER
fixed length control field 00611nam a2200241 a 4500
020 ## - INTERNATIONAL STANDARD BOOK NUMBER
ISBN 0860122
082 00 - DEWEY DECIMAL CLASSIFICATION NUMBER
Classification number 230.046
Author Cutter COM
100 ## - MAIN ENTRY--AUTHOR NAME
Author name Comblin, Jose
245 ## - TITLE STATEMENT
Title Being Human
Sub title Christian Anthropology
260 ## - PUBLICATION, DISTRIBUTION, ETC. (IMPRINT)
Place of publication London
Name of publisher Burns and Oates
Year of publication 1990
300 ## - PHYSICAL DESCRIPTION
Number of Pages 260p
500 ## - GENERAL NOTE
General note includes index and biblioraphy
505 2# - FORMATTED CONTENTS NOTE
Formatted contents note Index, Bibliography
650 ## - SUBJECT ADDED ENTRY--TOPICAL TERM
Topical Term Liberation-Theology
942 ## - ADDED ENTRY ELEMENTS (KOHA)
Koha item type Books
700 1# -
-- Comblin, Jose
Holdings
Collection code Home library Current library Date acquired Cost, normal purchase price Full call number Accession Number Koha item type
  Henry Martyn Institute Library Henry Martyn Institute Library 06/13/2007 736.30 230.046 COM 016648 Books
                   Copyright © 2026 | Henry Martyn Institute | Hyderabad | TS-500052 | INDIA | Implemented by hmi.edu.in
Hit-Count:

Powered by Koha